000 00540nam a2200193Ia 4500
005 20250326142050.0
008 250326s9999 xx 000 0 und d
037 _aTextbook
040 _aFMSL
_beng
_cFMSL
041 _aeng
_2eng
084 _aX:9 M1
_qFMSL
100 _aPigors P
_9738442
245 0 _aPersonnel administration: point of view and a method
_cPigors P; Myers C A
250 _a9
260 _aNew Delhi
_bNew Delhi, McGraw-Hill
_c1981
300 _a603p
942 _cTB
_hX:9 M1
999 _c1293273
_d1293273